Kaiju no. 8 / (Titelsatznr. 1232)

[ MARC ]
MARC-Details
000 -LEADER
fixed length control field 05185cam a2201105 i 4500
001 - CONTROL NUMBER
control field 23316862
003 - CONTROL NUMBER IDENTIFIER
control field OSt
005 - DATE AND TIME OF LATEST TRANSACTION
control field 20250426083609.0
008 - FIXED-LENGTH DATA ELEMENTS--GENERAL INFORMATION
fixed length control field 230913m20219999caua 6 000 1 eng d
010 ## - LIBRARY OF CONGRESS CONTROL NUMBER
LC control number 2023299026
015 ## - NATIONAL BIBLIOGRAPHY NUMBER
National bibliography number GBC1G7300
Source bnb
016 7# - NATIONAL BIBLIOGRAPHIC AGENCY CONTROL NUMBER
Record control number 020350933
Source Uk
020 ## - INTERNATIONAL STANDARD BOOK NUMBER
International Standard Book Number 9781974725984
Qualifying information (v. 1 ;
-- paperback)
020 ## - INTERNATIONAL STANDARD BOOK NUMBER
International Standard Book Number 1974725987
Qualifying information (v. 1 ;
-- paperback)
020 ## - INTERNATIONAL STANDARD BOOK NUMBER
International Standard Book Number 9781974727148
Qualifying information (2 ;
-- paperback)
020 ## - INTERNATIONAL STANDARD BOOK NUMBER
International Standard Book Number 1974727149
Qualifying information (v. 2 ;
-- paperback)
020 ## - INTERNATIONAL STANDARD BOOK NUMBER
International Standard Book Number 9781974728992
Qualifying information (v. 3 ;
-- paperback)
020 ## - INTERNATIONAL STANDARD BOOK NUMBER
International Standard Book Number 1974728994
Qualifying information (v. 3 ;
-- paperback)
020 ## - INTERNATIONAL STANDARD BOOK NUMBER
International Standard Book Number 9781974732340
Qualifying information (v. 4 ;
-- paperback)
020 ## - INTERNATIONAL STANDARD BOOK NUMBER
International Standard Book Number 1974732347
Qualifying information (4 ;
-- paperback)
020 ## - INTERNATIONAL STANDARD BOOK NUMBER
International Standard Book Number 9781974734184
Qualifying information (v. 5 ;
-- paperback)
020 ## - INTERNATIONAL STANDARD BOOK NUMBER
International Standard Book Number 1974734188
Qualifying information (v. 5 ;
-- paperback)
020 ## - INTERNATIONAL STANDARD BOOK NUMBER
International Standard Book Number 9781974736331
Qualifying information (v. 6 ;
-- paperback)
020 ## - INTERNATIONAL STANDARD BOOK NUMBER
International Standard Book Number 1974736334
Qualifying information (v. 6 ;
-- paperback)
020 ## - INTERNATIONAL STANDARD BOOK NUMBER
International Standard Book Number 9781974738694
Qualifying information (v. 7 ;
-- paperback)
020 ## - INTERNATIONAL STANDARD BOOK NUMBER
International Standard Book Number 1974738698
Qualifying information (v. 7 ;
-- paperback)
020 ## - INTERNATIONAL STANDARD BOOK NUMBER
International Standard Book Number 9781974740628
Qualifying information (v. 8 ;
-- paperback)
020 ## - INTERNATIONAL STANDARD BOOK NUMBER
International Standard Book Number 1974740625
Qualifying information (v. 8 ;
-- paperback)
020 ## - INTERNATIONAL STANDARD BOOK NUMBER
International Standard Book Number 9781974743018
Qualifying information (v. 9 ;
-- paperback)
020 ## - INTERNATIONAL STANDARD BOOK NUMBER
International Standard Book Number 1974743012
Qualifying information (v. 9 ;
-- paperback)
020 ## - INTERNATIONAL STANDARD BOOK NUMBER
International Standard Book Number 9781974746996
Qualifying information (v. 10 ;
-- paperback)
020 ## - INTERNATIONAL STANDARD BOOK NUMBER
International Standard Book Number 1974746992
Qualifying information (v. 10 ;
-- paperback)
020 ## - INTERNATIONAL STANDARD BOOK NUMBER
International Standard Book Number 9781974749003
Qualifying information (v. 11 ;
-- paperback)
020 ## - INTERNATIONAL STANDARD BOOK NUMBER
International Standard Book Number 1974749002
Qualifying information (v. 11 ;
-- paperback)
020 ## - INTERNATIONAL STANDARD BOOK NUMBER
International Standard Book Number 9781974752720
Qualifying information (v. 12 ;
-- paperback)
020 ## - INTERNATIONAL STANDARD BOOK NUMBER
International Standard Book Number 1974752720
Qualifying information (v. 12 ;
-- paperback)
020 ## - INTERNATIONAL STANDARD BOOK NUMBER
International Standard Book Number 9781974755127
Qualifying information (v. 13 ;
-- paperback)
020 ## - INTERNATIONAL STANDARD BOOK NUMBER
International Standard Book Number 1974755126
Qualifying information (v. 13 ;
-- paperback)
035 ## - SYSTEM CONTROL NUMBER
System control number (OCoLC)on1287022685
040 ## - CATALOGING SOURCE
Original cataloging agency WIQ
Language of cataloging eng
Description conventions rda
Transcribing agency WIQ
Modifying agency GK5
-- SO$
-- OCLCF
-- OCLCO
-- IEP
-- OPW
-- OCLCO
-- IBI
-- OCLCO
-- AZZPT
-- IFK
-- CPP
-- YDX
-- UIU
-- TCJ
-- OCLCA
-- IFK
-- GK8
-- KUA
-- UAB
-- ZHI
-- CWJ
-- OCL
-- CNCAR
-- MNM
-- AC#
-- CCPLG
-- OCL
-- DLC
041 1# - LANGUAGE CODE
Language code of text/sound track or separate title eng
Language code of original jpn
042 ## - AUTHENTICATION CODE
Authentication code lccopycat
043 ## - GEOGRAPHIC AREA CODE
Geographic area code a-ja---
050 00 - LIBRARY OF CONGRESS CALL NUMBER
Classification number PN6790.J33
Item number M3864513 2021
082 00 - DEWEY DECIMAL CLASSIFICATION NUMBER
Classification number 741.5/952
Edition number 23/eng/20230913
100 1# - MAIN ENTRY--PERSONAL NAME
Personal name Matsumoto, Naoya,
Dates associated with a name 1982-
Relator term author,
-- artist.
240 10 - UNIFORM TITLE
Uniform title Kaijū 8-gō.
Language of a work English
245 10 - TITLE STATEMENT
Title Kaiju no. 8 /
Statement of responsibility, etc. story and art by Naoya Matsumoto.
246 3# - VARYING FORM OF TITLE
Title proper/short title Kaiju number 8
246 3# - VARYING FORM OF TITLE
Title proper/short title Kaiju #8
246 3# - VARYING FORM OF TITLE
Title proper/short title Kaiju no. eight
246 1# - VARYING FORM OF TITLE
Display text Also known in English as:
Title proper/short title Monster #8
250 ## - EDITION STATEMENT
Edition statement Shonen Jump edition.
264 #1 - PRODUCTION, PUBLICATION, DISTRIBUTION, MANUFACTURE, AND COPYRIGHT NOTICE
Place of production, publication, distribution, manufacture San Francisco, CA :
Name of producer, publisher, distributor, manufacturer VIZ Media, LLC,
Date of production, publication, distribution, manufacture, or copyright notice [2021]-
264 #4 - PRODUCTION, PUBLICATION, DISTRIBUTION, MANUFACTURE, AND COPYRIGHT NOTICE
Date of production, publication, distribution, manufacture, or copyright notice ©2020-
300 ## - PHYSICAL DESCRIPTION
Extent volumes :
Other physical details illustrations, color ;
Dimensions 19 cm
336 ## - CONTENT TYPE
Content type term still image
Content type code sti
Source rdacontent
336 ## - CONTENT TYPE
Content type term text
Content type code txt
Source rdacontent
337 ## - MEDIA TYPE
Media type term unmediated
Media type code n
Source rdamedia
338 ## - CARRIER TYPE
Carrier type term volume
Carrier type code nc
Source rdacarrier
380 ## - FORM OF WORK
Form of work Comics (Graphic works)
Source of term lcgft
380 ## - FORM OF WORK
Form of work Manga
Source of term lcgft
500 ## - GENERAL NOTE
General note Manga format; reads back to front, right to left.
500 ## - GENERAL NOTE
General note Title from cover.
500 ## - GENERAL NOTE
General note "First published in Japan in 2020 by SHUEISHA Inc., Tokyo" -- Volume 1 indicia.
508 ## - CREATION/PRODUCTION CREDITS NOTE
Creation/production credits note Translation: David Evelyn ; touch-up art & lettering: Brandon Bovia ; design: Jimmy Presler ; editor: Karla Clark ; background art: Osamu Koiwai (OSA prod.) ; finishing work: Jiro Sakura ; weapon design: Mantohihi Binta.
520 ## - SUMMARY, ETC.
Summary, etc. "With the highest kaiju-emergence rates in the world, Japanese is no stranger to attack by deadly monsters. Enter the Japan Defense Force, a military organization tasked with the neutralization of kaiju. Kafka Hibino, a kaiju-corpse cleanup man, has always dreamed of joining the force. But when he gets another shot at achieving his childhood dream, he undergoes an unexpected transformation. How can he fight kaiju now that he's become one himself?!" --
Assigning source Description from back cover.
546 ## - LANGUAGE NOTE
Language note In English, translated from the Japanese.
650 #0 - SUBJECT ADDED ENTRY--TOPICAL TERM
Topical term or geographic name entry element Imaginary wars and battles
Form subdivision Comic books, strips, etc.
650 #0 - SUBJECT ADDED ENTRY--TOPICAL TERM
Topical term or geographic name entry element Monsters
Geographic subdivision Japan
Form subdivision Comic books, strips, etc.
650 #7 - SUBJECT ADDED ENTRY--TOPICAL TERM
Topical term or geographic name entry element Imaginary wars and battles.
Source of heading or term fast
Authority record control number or standard number (OCoLC)fst00967580
650 #7 - SUBJECT ADDED ENTRY--TOPICAL TERM
Topical term or geographic name entry element Monsters.
Source of heading or term fast
Authority record control number or standard number (OCoLC)fst01025752
651 #7 - SUBJECT ADDED ENTRY--GEOGRAPHIC NAME
Geographic name Japan.
Source of heading or term fast
Authority record control number or standard number (OCoLC)fst01204082
655 #7 - INDEX TERM--GENRE/FORM
Genre/form data or focus term Science fiction comics.
Source of term lcgft
655 #7 - INDEX TERM--GENRE/FORM
Genre/form data or focus term Action and adventure comics.
Source of term lcgft
655 #7 - INDEX TERM--GENRE/FORM
Genre/form data or focus term Monster comics.
Source of term lcgft
655 #7 - INDEX TERM--GENRE/FORM
Genre/form data or focus term Fantasy comics.
Source of term lcgft
655 #7 - INDEX TERM--GENRE/FORM
Genre/form data or focus term Manga.
Source of term lcgft
655 #7 - INDEX TERM--GENRE/FORM
Genre/form data or focus term Science fiction comics
Source of term fast
Authority record control number or standard number (OCoLC)fst01921733
655 #7 - INDEX TERM--GENRE/FORM
Genre/form data or focus term Manga
Source of term fast
Authority record control number or standard number (OCoLC)fst02061040
655 #7 - INDEX TERM--GENRE/FORM
Genre/form data or focus term Fiction
Source of term fast
Authority record control number or standard number (OCoLC)fst01423787
655 #7 - INDEX TERM--GENRE/FORM
Genre/form data or focus term Monster comics.
Source of term fast
Authority record control number or standard number (OCoLC)fst02009953
655 #7 - INDEX TERM--GENRE/FORM
Genre/form data or focus term Action and adventure comics.
Source of term fast
Authority record control number or standard number (OCoLC)fst01921573
655 #7 - INDEX TERM--GENRE/FORM
Genre/form data or focus term Comics (Graphic works)
Source of term fast
Authority record control number or standard number (OCoLC)fst01921613
655 #7 - INDEX TERM--GENRE/FORM
Genre/form data or focus term Fantasy comics.
Source of term fast
Authority record control number or standard number (OCoLC)fst01921655
655 #7 - INDEX TERM--GENRE/FORM
Genre/form data or focus term Graphic novels.
Source of term fast
Authority record control number or standard number (OCoLC)fst01726630
655 #7 - INDEX TERM--GENRE/FORM
Genre/form data or focus term Bandes dessinées d'aventures.
Source of term rvmgf
655 #7 - INDEX TERM--GENRE/FORM
Genre/form data or focus term Bandes dessinées de monstres.
Source of term rvmgf
700 1# - ADDED ENTRY--PERSONAL NAME
Personal name Evelyn, David,
Relator term translator.
700 1# - ADDED ENTRY--PERSONAL NAME
Personal name Bovia, Brandon,
Relator term letterer.
700 1# - ADDED ENTRY--PERSONAL NAME
Relationship information Translation of:
Personal name Matsumoto, Naoya,
Dates associated with a name 1982-
Title of a work Kaijū 8-gō.
906 ## - LOCAL DATA ELEMENT F, LDF (RLIN)
a 7
b cbc
c copycat
d 2
e ncip
f 20
g y-gencatlg
942 ## - ADDED ENTRY ELEMENTS (KOHA)
Source of classification or shelving scheme Dewey Decimal Classification
Koha item type Manga
Suppress in OPAC No
Exemplare
Withdrawn status Lost status Source of classification or shelving scheme Damaged status Not for loan Home library Current library Shelving location Date acquired Total checkouts Barcode Date last seen Price effective from Koha item type
    Dewey Decimal Classification     Bunte Manga Potsdam Bunte Manga Potsdam Sprache Englisch 04/26/2025   1220 04/26/2025 04/26/2025 Manga

Powered by Koha